| 000 | 01935cam a22004094a 4500 | ||
|---|---|---|---|
| 001 | 14731380 | ||
| 005 | 20071106161030.0 | ||
| 008 | 070208s2008 paua bf 001 0 eng | ||
| 010 | _a 2007005867 | ||
| 016 | 7 |
_a101299083 _2DNLM |
|
| 020 | _a9781582555546 (alk. paper) | ||
| 020 | _a1582555540 (alk. paper) | ||
| 035 | _a(OCoLC)ocm83758775 | ||
| 035 | _a(OCoLC)83758775 | ||
| 040 |
_aDNLM/DLC _cDLC _dNLM _dBAKER _dBTCTA _dC#P _dYDXCP _dDLC |
||
| 042 | _apcc | ||
| 050 | 0 | 0 |
_aRD93.95 _b.W69 2008 |
| 060 | 0 | 0 | _a2007 H-407 |
| 060 | 1 | 0 |
_aWY 49 _bW938 2008 |
| 082 | 0 | 0 |
_a617.1 _222 _bWOU |
| 245 | 0 | 0 |
_aWound care made incredibly visual! / _cLippincott Williams & Wilkins |
| 260 |
_aPhiladelphia : _bWolters Kluwer Health/Lippincott Williams & Wilkins, _cc2008. |
||
| 300 |
_avi, 186 p. : _bcol. ill. ; _c24 cm. |
||
| 440 | 0 | _aIncredibly visual | |
| 504 | _aIncludes bibliographical references (p. 179-180) and index. | ||
| 505 | 0 | _aSkin anatomy and physiology -- Wound healing -- Wound assessment -- Wound care procedures -- Acute wounds -- Pressure ulcers -- Vascular ulcers -- Diabetic foot ulcers -- Malignant wounds -- Wound care products. | |
| 650 | 0 |
_aWounds and injuries _xNursing _vHandbooks, manuals, etc. |
|
| 650 | 0 |
_aWounds and injuries _xNursing _vAtlases. |
|
| 650 | 1 | 2 |
_aWounds and Injuries _xnursing _vAtlases. |
| 650 | 1 | 2 |
_aWounds and Injuries _xnursing _vHandbooks. |
| 710 | 2 | _aLippincott Williams & Wilkins. | |
| 856 | 4 | 1 |
_3Table of contents only _uhttp://www.loc.gov/catdir/toc/ecip0710/2007005867.html |
| 856 | 4 | 2 |
_3Publisher description _uhttp://www.loc.gov/catdir/enhancements/fy0712/2007005867-d.html |
| 942 |
_2ddc _cBB |
||
| 999 |
_c10909 _d10909 |
||